| 000 | 00467nam a2200193 a 4500 | ||
|---|---|---|---|
| 001 | 1763208569198 | ||
| 003 | ACL | ||
| 005 | 20251115174048.0 | ||
| 008 | 251115s2008##################000#0#eng## | ||
| 020 | _a9783527408047 | ||
| 082 | 0 | 4 |
_a621.042 _bWEN |
| 100 | 1 |
_aWengenmayr, Roland, _eauthor. |
|
| 245 | 1 | 0 | _aRenewable Energy : |
| 260 |
_bJohn Wiley & Sons, _c2008. |
||
| 300 | _a125 pages | ||
| 650 | 0 | _aScience. | |
| 942 | _cENGLISH | ||
| 040 |
_aACL _beng _cACL |
||
| 999 |
_c597737 _d597737 |
||